Centripetal forces in China's economic take-off

Salvato in:
Dettagli Bibliografici
Autore principale: Dayal-Gulati, Anuradha
Altri autori: Husain, Aasim M.
Natura: Libro
Lingua:inglese
Pubblicazione: Washington International Monetary Fund 2000
Serie:IMF Working Paper WP/00/86
Soggetti:
Tags: Aggiungi Tag
Nessun Tag, puoi essere il primo ad aggiungerne!!

MARC

LEADER 00000nam a2200000 4500
001 c124252
005 20221221081804.4
041 0 |a eng 
044 |a US 
245 1 0 |a Centripetal forces in China's economic take-off  |c Anuradha Dayal-Gulati and Aasim M. Husain 
264 1 |a Washington  |b International Monetary Fund  |c 2000 
300 |a 36 s. 
490 1 |a IMF Working Paper  |v WP/00/86 
830 0 |a IMF Working Paper  |v WP/00/86 
610 2 0 |a rast hospodársky 
610 2 0 |a Čína 
610 2 0 |a konvergencia 
610 2 0 |a integrácia 
610 2 0 |a integrácia ekonomická 
100 1 |a Dayal-Gulati, Anuradha 
700 1 |a Husain, Aasim M.